000
00287nam a2200097Ia 4500
082
_a
641.09|BRAA
245
0
_a
Braai masters of the Cape Winelands
100
_a
McGregor, Lindsaye Cape Town, South Africa, 2010
_9
66869
942
_c
BK
008
210817s9999 xx 000 0 und d
999
_c
214863
_d
214862